Ethnic groups in Kazakhstan - Statistics

General Stats
  • This quiz has been taken 51 times
    50 since last reset
  • The average score is 23 of 32
Answer Stats
Family Population Ethnicity % Correct
Altaic (Turkic) 14.45 million Kazakh
100%
Indo-European (Slavic) 2.96 million Russian
100%
Altaic (Turkic) 661 k Uzbek
100%
Sino-Tibetan (Sinitic) 500 k Chinese
98%
Altaic (Turkic) 38 k Kyrgyz
98%
Altaic (Turkic) 250 k Turk
98%
Altaic (Turkic) 2 k Turkmen
98%
Indo-European (Germanic) 226 k German
95%
Altaic (Koreanic) 118 k Korean
95%
Indo-European (Slavic) 387 k Ukrainian
95%
Indo-European (Armenian) 25 k Armenian
93%
Indo-European (Iranic) 59 k Tajik
93%
Altaic (Turkic) 155 k Azerbaijani
90%
Indo-European (Slavic) 34 k Polish
88%
Caucasian (Kartvelian) 6 k Georgian
86%
Indo-European (Slavic) 66 k Belarusian
81%
Altaic (Turkic) 306 k Uyghur
79%
Indo-European (Hellenic) 9 k Greek
76%
Indo-European (Indo-Aryan) 1 k Roma
74%
Altaic (Turkic) 249 k Tatar
69%
Caucasian (Nakh) 35 k Chechen
67%
Indo-European (Iranic) 50 k Kurd
57%
Indo-European (Italic) 14 k Romanian
57%
Indo-European (Slavic) 5 k Bulgarian
52%
Indo-European (Italic) 19 k Moldovan
50%
Altaic (Turkic) 20 k Bashkir
45%
Uralic (Mordvinic) 8 k Mordvin
36%
Caucasian (Nakh) 18 k Ingush
33%
Altaic (Turkic) 22 k Chuvash
26%
Sino-Tibetan (Sinitic) 74 k Dungan
26%
Altaic (Turkic) 2 k Crimean Tatar
19%
Indo-European (Germanic) 4 k Ashkenazim
10%
No matching quizzes found
Score Distribution
Percent of People with Each Score
Percentile by Number Answered
Your Score History
You have not taken this quiz since the last reset